Série Obi-Wan Kenobi : Dialogue Obi-Wan / Dark Vador - Statistiques

Statistiques générales
  • Ce quiz a été pris 24 fois
  • Le résultat moyen est 22 sur 62
Statistiques - réponses
Réponse % Correct
Anakin ?
94%
Anakin
69%
Je
56%
Suis
50%
Ce
44%
Je
44%
Là.
44%
N'est
44%
Plus
44%
Qui
44%
Reste.
44%
Désolé,
38%
Je
38%
Je
38%
Ne
38%
Obi-Wan.
38%
Pas
38%
Suis
38%
Suis
38%
Ton
38%
A
31%
Alors
31%
Ami
31%
Anakin…
31%
Anakin
31%
Avec
31%
Ce
31%
Ce
31%
C'est
31%
De
31%
Désolé
31%
Échec,
31%
En
31%
Est
31%
Et
31%
Faire
31%
Je
31%
Même…
31%
Moi.
31%
Mon
31%
Mort
31%
N'est
31%
Pas
31%
Passé.
31%
Pour
31%
Qui
31%
Qui
31%
S'est
31%
Skywalker…
31%
Suis
31%
Toi,
31%
Toi.
31%
Tout
31%
Tué
31%
Vais
31%
Adieu,
25%
Bon…
25%
De
25%
Pour
25%
Vador.
19%
Obi-Wan !
13%
OBI-WAN !
13%
Aucun quiz correspondant
Distribution des résultats
% des personnes avec chaque résultat
Percentile par nombre de réponses
Votre historique - résultats
Vous n’avez pas pris ce quiz